Statistics for World Capitals Deepest in Country's Territory

Click here to take the quiz!

General Stats

  • This quiz has been taken 17,694 times
  • The average score is 9 of 16

Answer Stats

km Continent Capital % Correct
872South AmericaBrasilia
93%
401EuropeMoscow
91%
246North AmericaMexico City
81%
339South AmericaBogota
75%
280AsiaNew Delhi
70%
246EuropeMadrid
67%
195AsiaUlaanbaatar
64%
291AsiaNur-Sultan
53%
373AfricaKhartoum
51%
319South AmericaSucre
50%
397AfricaAddis Ababa
49%
364AsiaRiyadh
49%
212AfricaPretoria
45%
355AfricaAbuja
40%
263AfricaWindhoek
28%
336AfricaDodoma
25%

Score Distribution

Percentile by Number Answered

Percent of People with Each Score

Your Score History

You have not taken this quiz